Statistiken für L'impératif

Klicken Sie hier um das Quiz zu spielen!

Allgemein

  • Dieses Quiz wurde 26 mal gespielt
  • Das Durchschnittsergebnis liegt bei 5 aus 11

Antwortstatistiken

deutschfranzösisch% Korrekt
Hört zu!Ecoutez!
70%
Spiele mit mir!Joue avec moi!
70%
Esst!Mangez!
65%
Sucht!Cherchez!
60%
Geht!Allez!
55%
Singe nicht!Ne chante pas!
55%
Lasst uns spielen!Jouons!
35%
Lasst uns arbeiten!Travaillons!
35%
Mach deine Hausaufgaben!Fais tes devoirs!
30%
Räum auf!Range!
25%
Bereitet die Mahlzeit zu!Préparez le repas!
15%

Verteilung der Resultate

Perzentil nach korrekt beantworteten Fragen

Anzahl Personen mit jedem Resultat

Ihre Resultats-Entwicklung

Sie haben dieses Quiz noch nicht gespielt